Statistics for Countries of South America in Alphabetical Order

Click here to take the quiz!

General Stats

  • This quiz has been taken 34 times
  • The average score is 11 of 12

Answer Stats

PopulationCountry% Correct
45,195,774AArgentina
97%
11,673,021BBolivia
97%
212,559,417BBrazil
97%
50,882,891CColombia
97%
17,643,054EEcuador
97%
3,473,730UUruguay
93%
28,435,940VVenezuela
93%
19,116,201CChile
90%
786,552GGuyana
90%
7,132,538PParaguay
90%
32,971,854PPeru
90%
586,632SSuriname
90%

Score Distribution

Percentile by Number Answered

Percent of People with Each Score

Your Score History

You have not taken this quiz